Statistics for Државе по бившим именима

Click here to take the quiz!

General Stats

  • This quiz has been taken 244 times
  • The average score is 9 of 20

Answer Stats

Старо имеТренутно име% Correct
ПерсијаИран
88%
МакедонијаСеверна Македонија
81%
БурмаМјанмар
67%
ЦејлонШри Ланка
60%
СвазилендЕсватини
60%
БохемијаЧешка
59%
Источни ПакистанБангладеш
55%
ЗаирДР Конго
54%
СијамТајланд
53%
Холандска ГвајанаСуринам
47%
Холандска ИндијаИндонезија
47%
Јужна РодезијаЗимбабве
37%
Северна РодезијаЗамбија
36%
АбисинијаЕтиопија
35%
Британски ХондурасБелизе
29%
ФормозаТајван
26%
Златна ОбалаГана
21%
Нова ХоландијаАустралија
19%
ЊасаландМалави
9%
Нови ХебридиВануату
4%

Score Distribution

Percentile by Number Answered

Percent of People with Each Score

Your Score History

You have not taken this quiz